| 000 | 00000nam 2200000zi 4500 |
| 001 | 9.560910 |
| 003 | CaOODSP |
| 005 | 20221207102124 |
| 007 | cr ||||||||||| |
| 008 | 150406s2006 xxc|||||o f|0| 0 eng d |
| 040 | |aCaOODSP|beng |
| 043 | |an-cn--- |
| 086 | 1 |aYM32-6/05-93E-PDF |
| 100 | 1 |aNorris, Sonya, |eauthor. |
| 245 | 10|aChildhood autism in Canada : |bsome issues relating to behavioural intervention / |cSonya Norris, Jean-Rodrigue Paré, Sheena Starky. |
| 246 | 10|aSome issues relating to behavioural intervention |
| 264 | 1|bLibrary of Parliament, |cJanuary 26, 2006. |
| 300 | |a1 online resource (12 pages). |
| 336 | |atext|btxt|2rdacontent |
| 337 | |acomputer|bc|2rdamedia |
| 338 | |aonline resource|bcr|2rdacarrier |
| 490 | 1 |a[Modular backgrounders] ; |vPRB 05-93E |
| 590 | |a06-29|b2006-07-21 |
| 690 | 07|aChildren|2gcpds |
| 690 | 07|aHealth|2gcpds |
| 710 | 1 |aCanada.|bLibrary of Parliament. |bParliamentary Research Branch, |eissuing body. |
| 775 | 08|tL'autisme infantile au Canada : |w(CaOODSP)9.593555 |
| 830 | #0|a[Modular backgrounders]|vPRB 05-93E|w(CaOODSP)9.504922 |
| 856 | 40|ahttp://publications.gc.ca|qPDF|s98 KB|uhttps://publications.gc.ca/collections/Collection-R/LoPBdP/PRB-e/PRB0593-e.pdf|yPRB 05-93E |